Sports Quiz

Random Sports or Soccer Quiz
Score 0/43 Timer 06:00
0 Plays Today
Division Team % Correct
Primera DivisiónColo Colo
100%
Primera DivisiónUniversidad de Chile
96%
Primera DivisiónEverton
84%
Primera BSantiago Wanderers
84%
Primera DivisiónDeportes Antofagasta
76%
Primera DivisiónO'Higgins
76%
Primera DivisiónPalestino
76%
Primera BCobreloa
76%
Primera DivisiónAudax Italiano
72%
Primera DivisiónCobresal
72%
Primera DivisiónUniversidad Católica
72%
Primera DivisiónCoquimbo Unido
68%
Primera BRangers
68%
Primera DivisiónDeportes Iquique
64%
Primera DivisiónHuachipato
64%
Primera DivisiónUnión Española
64%
Primera DivisiónUniversidad de Concepción
64%
Primera BDeportes Temuco
64%
Primera DivisiónUnión La Calera
60%
Primera BBarnechea
60%
Primera BDeportes Copiapó
60%
Primera BMagallanes
60%
Division Team % Correct
Primera BSan Luis
60%
Segunda DivisiónSan Marcos de Arica
60%
Primera DivisiónCuricó Unido
56%
Primera BDeportes La Serena
56%
Primera BSantiago Morning
56%
Primera BÑublense
52%
Segunda DivisiónIberia
52%
Primera BDeportes Valdivia
48%
Primera BDeportes Puerto Montt
44%
Primera BUnión San Felipe
44%
Primera BDeportes Melipilla
40%
Segunda DivisiónSan Antonio Unido
36%
Primera BDeportes Santa Cruz
32%
Segunda DivisiónColchagua
24%
Segunda DivisiónFernández Vial
24%
Segunda DivisiónDeportes Vallenar
20%
Segunda DivisiónIndependiente de Cauquenes
20%
Segunda DivisiónDeportes Recoleta
16%
Segunda DivisiónColina
12%
Segunda DivisiónLautaro de Buin
12%
Segunda DivisiónGeneral Velásquez
0%
Remove Ads.
Support Sporcle.
Get the best of Sporcle when you Go Orange. This ad-free experience offers more features, more stats, and more fun while also helping to support Sporcle. Thank you for becoming a member.

You're not logged in!

Compare scores with friends on all Sporcle quizzes.
OR
Log In

Show Comments

Extras

Top Quizzes Today


Score Distribution

Your Account Isn't Verified!

In order to create a playlist on Sporcle, you need to verify the email address you used during registration. Go to your Sporcle Settings to finish the process.

Report this User

Report this user for behavior that violates our Community Guidelines.

Details: